Fruits in Russian Quiz Stats

 Plays Quiz not verified by Sporcle

Score 0/20 Timer 03:00
0 Plays Today
% Correct
Mango
92.3%
Banana
84.6%
Apricot
76.9%
Grapefruit
76.9%
Kiwi
76.9%
Lemon
76.9%
Apple
69.2%
Pineapple
69.2%
Grape
61.5%
Peach
61.5%
% Correct
Pear
61.5%
Cherry
46.2%
Orange
46.2%
Plum
46.2%
Raspberry
38.5%
Blueberry
38.5%
Strawberry
30.8%
Watermelon
30.8%
Blackberry
23.1%
Melon
23.1%

You're not logged in!

Compare scores with friends on all Sporcle quizzes.
OR
Log In

Show Comments

Extras

Top Quizzes Today


Score Distribution

Your Account Isn't Verified!

In order to create a playlist on Sporcle, you need to verify the email address you used during registration. Go to your Sporcle Settings to finish the process.

Report this User

Report this user for behavior that violates our Community Guidelines.

Details: